000 00534cam a22001931 4500
001 000019165
005 20200929165934.0
008 730716s1968 gw 000 1 ger
010 _a70355552
035 _a(OCoLC)656385
040 _aDO-SdBNP
_cOClU
_dOCoLC
_dDLC
042 _apremarc
050 0 0 _aPT2664.O53
_bZ43
100 1 _aDomin, Hilde.
_940512
245 1 4 _aDas zweite Paradies; :
_bRoman in Segmenten.
260 _aMunchen, :
_bR. Piper,
_c[1968].
300 _a199 p. ;
_c20 cm.
910 _aCatalogación derivada / LC
999 _c18683
_d18683